[Event "Guimaraes Open 2018"]
[Site "Guimaraes"]
[Date "2018.10.05"]
[Round "1"]
[White "Fedorchuk, Sergey A."]
[Black "Navarro Martinez, Victor"]
[Result "1-0"]
[WhiteElo "2604"]
[BlackElo "1517"]
[Annotator "TA"]
[PlyCount "65"]
[EventDate "2018.10.04"]
[EventType "swiss"]
[EventCountry "POR"]
[SourceTitle "playchess.com"]
[Source "ChessBase"]
[SourceQuality "1"]

{[%evp 17,65,14,63,64,59,47,77,66,68,59,116,89,106,75,73,44,129,88,86,38,89,70,61,70,127,119,117,74,68,44,37,41,85,76,159,150,357,363,355,354,353,356,348,347,349,348,446,445,417,418]} 1. e4 c5 2. Nf3 Nc6 3. Bb5 g6 4. Bxc6 dxc6 5. d3 Bg7 6. h3 Nf6 7. Nc3 O-O 8. Be3 b6 9. Qd2 Be6 {LiveBook: 3 Games. B31: Sicilian: 2...Nc6 3 Bb5 g6} (9... e5 10. Bh6 Qd6 11. Bxg7 Kxg7 12. a4 Ne8 13. Nh2 Nc7 14. Ng4 f6 15. f3 Ne6 16. h4 Nd4 17. h5 g5 {½-½ (54) Anand,V (2768)-Carlsen,M (2842) Saint Louis 2018}) 10. Bh6 Qc7 11. O-O Rfd8 {White is slightly better.} 12. Bxg7 Kxg7 13. Ng5 $146 ({Predecessor:} 13. b3 c4 14. Ng5 Qe5 15. Nxe6+ Qxe6 16. bxc4 Qxc4 {0-1 (55) Bopp,T-Craveta,C IECG email 1999}) 13... Bc4 (13... Qd7 $14) 14. Qe3 Ba6 15. f4 {Hoping for e5.} h6 16. Nf3 Nh5 (16... c4 $1 $14) 17. Nd2 e5 18. Ne2 exf4 (18... c4 $14 19. Nxc4 (19. dxc4 Qd6 $11) 19... Bxc4) 19. Nxf4 $16 Nxf4 20. Rxf4 Qe5 ({Black should play} 20... Rf8 $14) 21. Raf1 $36 {[%mdl 2048] White is on the roll.} Rd7 22. Qf3 {[%cal Rf4f7]} Rf8 23. b3 Qc3 24. Qd1 Rfd8 25. R1f2 c4 ({Better is} 25... Re7) 26. bxc4 Bxc4 $2 {[#]} (26... Re7 $16 27. Qf3 Rdd7) 27. Nxc4 $18 Qxc4 28. Qa1+ Qd4 29. Qxd4+ Rxd4 30. Rxf7+ Kg8 31. Rxa7 R4d7 32. Rxd7 Rxd7 33. Rf6 {Precision: White = 66%, Black = 23%.} 1-0

[Event "Guimaraes Open 2018"]
[Site "Guimaraes"]
[Date "2018.10.05"]
[Round "1"]
[White "Spraggett, Kevin Barry"]
[Black "Soares, Sara Joana De Moura"]
[Result "1-0"]
[WhiteElo "2513"]
[BlackElo "1431"]
[Annotator "TA"]
[PlyCount "59"]
[EventDate "2018.10.04"]
[EventType "swiss"]
[EventCountry "POR"]
[SourceTitle "playchess.com"]
[Source "ChessBase"]
[SourceQuality "1"]

{[%evp 17,59,13,22,10,31,5,62,20,9,23,20,17,56,56,98,81,81,78,131,115,354,153,141,130,134,123,146,130,130,130,128,124,126,130,131,122,160,152,166,165,187,183,195,188]} 1. d4 d5 2. c4 e6 3. Nc3 Be7 4. Nf3 Nf6 5. g3 O-O 6. Bg2 Nbd7 7. Qd3 c6 8. O-O b6 9. Rd1 Bb7 10. Bf4 {E07: Closed Catalan: Main Line (5 Nf3 0-0 6 0-0 Nbd7)} Re8 $146 ({Predecessor:} 10... dxc4 11. Qxc4 b5 12. Qb3 a5 13. Ne5 a4 14. Qc2 Nxe5 15. Bxe5 Nd5 {½-½ (43) Khismatullin,D (2642)-Lysyj,I (2673) Chita 2015}) 11. Rac1 Nf8 (11... Ba6 $11) 12. e4 {White is slightly better.} Ng6 13. Be3 Ba6 14. b3 dxe4 15. Nxe4 Nd5 16. Bd2 Ba3 17. Rb1 {b4 is the strong threat.} Nb4 (17... f5 $142) 18. Qe2 h6 $2 {[#]} (18... f6 $16 {is a better defense.} 19. Bc1 Bxc1 20. Rbxc1 (20. Rdxc1 Qe7 $16) 20... Nd5) 19. Bc1 (19. Ne5 $1 $18) 19... Bxc1 $16 20. Rbxc1 ({Don't do} 20. Rdxc1 Qc7 $16) 20... Nd5 21. Qb2 Nf6 22. Nxf6+ Qxf6 23. Ne5 $36 {[%mdl 2048] White is in control.} Bb7 24. Nxc6 Rec8 25. Ne5 Bxg2 26. Kxg2 Nxe5 27. dxe5 {White is clearly better.} Qe7 {[#]} 28. Rd6 $1 Rd8 29. Rcd1 Qc7 30. Qd4 {Precision: White = 50%, Black = 32%.} 1-0

[Event "Guimaraes Open 2018"]
[Site "Guimaraes"]
[Date "2018.10.05"]
[Round "1"]
[White "Larino Nieto, David"]
[Black "Peixoto, Flavio Pimenta"]
[Result "1-0"]
[WhiteElo "2433"]
[BlackElo "1464"]
[Annotator "TA"]
[PlyCount "27"]
[EventDate "2018.10.04"]
[EventType "swiss"]
[EventCountry "POR"]
[SourceTitle "playchess.com"]
[Source "ChessBase"]
[SourceQuality "1"]

{[%evp 9,27,-40,2,0,28,27,24,-8,12,-8,0,-4,40,67,318,85,660,660,1119,1149]} 1. g3 c5 2. Bg2 d5 3. c4 d4 4. Nf3 Nc6 5. e3 (5. O-O e5 6. d3 Nf6 7. e3 Be7 8. exd4 cxd4 9. Re1 Nd7 10. Na3 O-O 11. Nc2 a5 12. b3 f6 13. Nd2 Nc5 14. Ne4 Bf5 15. Nxc5 Bxc5 {½-½ (31) Radjabov,T (2741)-Harikrishna,P (2738) Palma de Mallorca 2017}) 5... Bg4 $146 ({Predecessor:} 5... e5 6. exd4 exd4 7. O-O Nf6 8. a3 Be7 9. b4 cxb4 10. axb4 Nxb4 11. Bb2 Nc6 12. d3 O-O {½-½ (25) Matnadze,A (2378)-Arizmendi Martinez,J (2507) Linares 2018}) 6. h3 {A09: Réti Opening: 1 Nf3 d5 2 c4} Bh5 7. exd4 cxd4 8. Qa4 {Black must now prevent Ne5.White has an edge.} Qd7 9. O-O e5 10. Re1 Bd6 {[#]} 11. c5 $1 {[%mdl 512]} Bc7 $2 {[%mdl 8192] [#]} ({Better is} 11... Bxf3 $14 12. Bxf3 Bxc5) (11... Bxc5 12. Nxe5) 12. b4 $2 (12. Nxe5 $1 $18 {[%mdl 512] and the rest is easy.} Bxe5 (12... Nxe5 13. c6) 13. Bxc6 bxc6 14. Rxe5+ Kf8 15. Rxh5) 12... b5 $2 {[%mdl 8192]} (12... Bxf3 $16 13. Bxf3 Nf6) 13. cxb6 $1 $18 Bxb6 14. Nxe5 {Precision: White = 50%, Black = 12%.} 1-0

[Event "Guimaraes Open 2018"]
[Site "Guimaraes"]
[Date "2018.10.05"]
[Round "1"]
[White "Campora Sivori, Daniel Hugo"]
[Black "Sarabando, Rodrigo Andias"]
[Result "1-0"]
[WhiteElo "2413"]
[BlackElo "1462"]
[Annotator "TA"]
[PlyCount "47"]
[EventDate "2018.10.04"]
[EventType "swiss"]
[EventCountry "POR"]
[SourceTitle "playchess.com"]
[Source "ChessBase"]
[SourceQuality "1"]

{[%evp 9,47,-27,4,4,4,0,0,6,9,0,0,0,10,0,35,16,52,39,82,16,38,28,31,29,21,29,31,23,27,31,112,104,370,358,481,476,467,466,1220,1140]} 1. e4 c5 2. f4 e6 3. Nf3 Be7 (3... Nc6 4. Bb5 Nge7 5. O-O a6 6. Be2 d5 7. d3 Ng6 8. c4 dxe4 9. dxe4 Qxd1 10. Rxd1 Nd4 11. Nxd4 cxd4 12. g3 e5 13. f5 Ne7 14. Nd2 Nc6 15. a3 {0-1 (57) Moiseenko,V (2558)-Alekseev,E (2622) Sochi 2017}) 4. d3 Nf6 5. c4 d6 6. g3 $146 {B21: Sicilian: 2 f4 and Morra Gambit} ({Predecessor:} 6. Nc3 O-O 7. Be2 Nbd7 8. O-O a6 9. b3 Rb8 10. h3 b5 11. Be3 bxc4 12. dxc4 {1-0 (60) Rodriguez,J-Quinonez,M (1712) Ibague 2011}) 6... Qc7 7. Bg2 Nc6 8. O-O {The position is equal.} O-O 9. Nc3 a6 10. Kh1 Bd7 11. h3 h5 12. Be3 Rab8 13. a4 Rfe8 14. Qd2 ({White should play} 14. b3 $16) 14... Na5 {Black wants to play ...Nb3.} 15. Rae1 b5 16. axb5 axb5 17. e5 Nh7 18. exd6 Bxd6 19. Ne4 $36 {[%mdl 2048] White has good play.} b4 (19... Bf8 $14) 20. f5 $16 {[%cal Bf4f5,Bf5f6][%mdl 32]} e5 $2 {[%mdl 8192]} (20... Rbc8 $16 {keeps fighting.}) 21. Nfg5 $18 Nxg5 22. Bxg5 {White is clearly winning.} ({Less strong is} 22. Nxg5 Be7 $16) 22... Bc6 23. f6 {[#] Black must now prevent fxg7.} g6 (23... Nb3 $142 24. Qd1 g6 25. Qxb3 Ra8) 24. Bh6 {Precision: White = 72%, Black = 25%.} 1-0

[Event "Guimaraes Open 2018"]
[Site "Guimaraes"]
[Date "2018.10.05"]
[Round "1"]
[White "Herrera Reyes, Jose Antonio"]
[Black "Coimbra, Joao Marcial Ferrei"]
[Result "1-0"]
[WhiteElo "2343"]
[BlackElo "1429"]
[Annotator "TA"]
[PlyCount "59"]
[EventDate "2018.10.04"]
[EventType "swiss"]
[EventCountry "POR"]
[SourceTitle "playchess.com"]
[Source "ChessBase"]
[SourceQuality "1"]

{[%evp 9,58,44,41,42,40,11,32,27,35,23,92,66,125,96,96,94,106,87,84,85,253,247,264,229,268,156,147,168,688,717,706,501,2289,2261,29987,29988,29979,6429,29989,29990,29990,29991,29991,29992,29996,29997,29997,29998,29998,29999,29999]} 1. Nf3 c6 2. g3 d6 (2... d5 3. Bg2 Bf5 4. O-O h6 5. d3 e6 6. c4 {0-1 (6) Matlakov,M (2704)-Li,C (2724) Qinhuangdao 2018}) 3. Bg2 h6 4. d3 Nf6 5. O-O $146 ({Vorgänger:} 5. h3 Bf5 6. e4 Bh7 7. O-O e5 8. c3 Be7 9. Nh2 O-O 10. Qe2 Nbd7 11. f4 Re8 {½-½ (31) Favreau,F (1990)-Cantero,J (1790) Val d'Isere 2002}) 5... Nbd7 6. c3 {A04: Holländisches System ohne Übergang in andere Systeme} e6 7. b4 Be7 8. a4 {Weiß steht etwas besser.} d5 9. Nbd2 Nh7 (9... b6 $11 {hält das Gleichgewicht.}) 10. e4 Ndf6 ({Besser ist} 10... c5 $14) 11. Bb2 Ng5 {[%cal Rd5e4]} 12. Ne5 Nd7 13. f4 {[#] Schwarz muss nun Sxd7 beachten.} Nxe5 14. fxe5 f6 $2 (14... a5 $16) 15. Qh5+ $18 Kf8 16. exf6 gxf6 17. c4 ({Lieber} 17. exd5 $18 Qb6+ 18. Kh1 cxd5 19. c4) 17... d4 $16 18. e5 $36 {[%mdl 2048] Weiss hat starke Initiative.} Kg7 $2 {[#]} (18... f5) 19. exf6+ $18 Bxf6 20. h4 Nf7 (20... Qe8 $142 21. Qxe8 (21. hxg5 Qxh5 22. gxf6+ Kf7 $15) 21... Rxe8 22. hxg5 Bxg5 23. Bxd4+ e5) 21. Ne4 Rf8 22. Rxf6 Qxf6 23. Nxf6 Kxf6 24. Bxd4+ {Weiß setzt Matt.} Ke7 25. Bc5+ Nd6 26. Qe5 Rd8 27. Qg7+ Ke8 28. Bxd6 Rxd6 29. Rf1 {[%csl Gg7][%cal Rf1f8]} Rxd3 30. Rf8# {Precision: Weiß = 74%, Schwarz = 30%.} 1-0

[Event "Guimaraes Open 2018"]
[Site "Guimaraes"]
[Date "2018.10.05"]
[Round "1"]
[White "Medarde Santiago, Luis Marcos"]
[Black "Lopes, Pedro Afonso Pinto"]
[Result "1-0"]
[WhiteElo "2341"]
[BlackElo "1457"]
[Annotator "TA"]
[PlyCount "53"]
[EventDate "2018.10.04"]
[EventType "swiss"]
[EventCountry "POR"]
[SourceTitle "playchess.com"]
[Source "ChessBase"]
[SourceQuality "1"]

{[%evp 10,53,36,24,26,20,39,31,66,63,73,75,92,80,68,66,134,77,77,73,79,40,95,88,354,361,371,353,363,356,376,371,367,353,367,363,453,453,441,399,477,481,460,277,480,476]} 1. Nf3 d5 2. d4 c5 3. c4 cxd4 4. cxd5 Qxd5 5. Qxd4 (5. Nc3 Qa5 6. Nxd4 Nf6 7. g3 e5 8. Nb3 Qc7 9. Bg2 Bb4 10. Bd2 O-O 11. O-O {1-0 (44) So,W (2778)-Mamedyarov,S (2808) Paris 2018}) 5... Qxd4 6. Nxd4 {LiveBook: 4 Games. D06: Queen's Gambit: Symmetrical and Baltic Defences} Bd7 7. e4 $146 ({Predecessor:} 7. Nc3 Nc6 8. Nxc6 Bxc6 9. e4 e6 10. Bb5 Rc8 11. Bxc6+ Rxc6 {½-½ (26) Ernst,M (2134)-Penz,H (2321) Austria 2014}) 7... e6 8. Nb5 {[#] aiming for Nc7+.White is slightly better.} Na6 9. Bf4 Bb4+ 10. N1c3 Ne7 11. Nd6+ Bxd6 12. Bxd6 Nb8 (12... f6 $14) 13. Nb5 (13. Be2 $142) 13... Bxb5 $16 14. Bxb5+ Nbc6 15. O-O Rc8 (15... a6 $14 16. Be2 Nd4) 16. Rfd1 $36 {[%mdl 2048] White has strong initiative.} O-O $2 {[%mdl 8192] [#]} (16... f6 $16) 17. Bxc6 $1 $18 Nxc6 18. Bxf8 Kxf8 {[%mdl 4096] Endgame KRR-KRN} 19. Rd7 Nd8 20. Rad1 Ke8 21. Kf1 a6 22. Ke2 b6 23. Ra7 a5 24. Ke3 h6 25. Ra6 Nc6 26. Rc1 Kd7 $2 (26... Ne7) 27. Rxb6 {Precision: White = 67%, Black = 35%.} 1-0

[Event "Guimaraes Open 2018"]
[Site "Guimaraes"]
[Date "2018.10.05"]
[Round "1"]
[White "Chueca Forcen, Alberto"]
[Black "Goncalves, Lucas Jordao"]
[Result "1-0"]
[WhiteElo "2278"]
[BlackElo "1401"]
[Annotator "TA"]
[PlyCount "43"]
[EventDate "2018.10.04"]
[EventType "swiss"]
[EventCountry "POR"]
[SourceTitle "playchess.com"]
[Source "ChessBase"]
[SourceQuality "1"]

{[%evp 10,43,35,33,59,52,67,58,37,37,43,35,41,33,120,120,100,83,158,132,427,410,411,412,420,397,749,733,748,745,745,735,733,735,781,681]} 1. Nc3 Nf6 2. e4 e5 3. Nf3 Nc6 4. a3 a6 5. d4 exd4 6. Nxd4 {LiveBook: 3 Games. C47: Scotch Four Knights and Four Knights with 4 g3} Nxd4 (6... Bc5 7. Nb3 Ba7 8. Bg5 h6 9. Bh4 Qe7 10. Bd3 g5 11. Bg3 d6 12. O-O Bg4 {1-0 (40) Christiansen,J (2492)-Mihajlov,S (2371) Drammen 2018}) 7. Qxd4 {aiming for e5.} d6 8. Bg5 {White is slightly better.} Be7 9. O-O-O h6 10. Bh4 {e5 is the strong threat.} O-O $146 ({Predecessor:} 10... Be6 11. f4 c5 12. Qd2 b5 {1-0 (39) Kover,W-Paul,P Brazil 1989}) 11. e5 Ne8 ({Better is} 11... dxe5 $14 12. Qxe5 Bd6 13. Bxf6 Qxf6 14. Qxf6 gxf6) 12. Bxe7 $16 Qxe7 13. Nd5 $36 {[%mdl 2048] White is in control.} Qd7 (13... Qd8 $142) 14. Bd3 b6 $2 {[%mdl 8192]} (14... dxe5 $16 15. Qe4 (15. Qxe5 Qe6 $16) 15... g6) 15. Qe4 $18 {[%csl Gd3][%cal Re4h7] [#]} g6 16. exd6 ({Not} 16. e6 fxe6 17. Nxb6 (17. Qxg6+ Qg7 $16) 17... cxb6 $16) 16... Qxd6 17. Ne7+ Kh7 $2 (17... Kg7 18. Qxa8 Be6 19. Nxg6 fxg6) 18. Qxa8 {White is clearly winning.} Qxe7 19. Qxc8 Nd6 20. Qg4 f5 21. Qf4 g5 22. Qe3 {Precision: White = 73%, Black = 17%.} 1-0

[Event "Guimaraes Open 2018"]
[Site "Guimaraes"]
[Date "2018.10.05"]
[Round "1"]
[White "Frois, Antonio"]
[Black "Rocha, Paulo Alexandre Oli"]
[Result "1-0"]
[WhiteElo "2267"]
[BlackElo "1391"]
[Annotator "TA"]
[PlyCount "59"]
[EventDate "2018.10.04"]
[EventType "swiss"]
[EventCountry "POR"]
[SourceTitle "playchess.com"]
[Source "ChessBase"]
[SourceQuality "1"]

{[%evp 16,59,1,-13,34,0,33,23,41,20,19,0,0,2,13,12,46,27,42,28,17,0,99,45,48,40,99,89,93,79,93,80,181,128,128,122,103,78,155,147,150,181,242,231,393,355]} 1. Nf3 d5 2. g3 Bg4 3. Bg2 e6 4. O-O Nf6 5. c4 c6 6. b3 Be7 7. Bb2 O-O 8. d3 Nbd7 9. Nbd2 {LiveBook: 281 Games} Rc8 {A12: English Opening: 1...c6 with b3 by White} (9... a5 10. a3 Re8 11. Rc1 Bd6 12. h3 Bh5 13. Rc2 h6 14. Re1 Qe7 15. Qa1 Rad8 16. Nf1 Bg6 17. cxd5 exd5 18. Qc1 Ne5 19. Nxe5 Bxe5 20. Bxe5 Qxe5 {½-½ (66) Kasimdzhanov,R (2683)-Akobian,V (2647) Riadh 2017}) 10. Rc1 (10. h3 $5 {[%cal Rh3g4]} Bh5 11. g4 $11) 10... Qb6 $146 ({Predecessor:} 10... h6 11. a3 a5 12. Qc2 b5 13. h3 Bh5 14. cxb5 cxb5 15. Qb1 Qb6 16. g4 Bg6 17. Bd4 {1-0 (37) Vastrukhin,O (2336)-Baraeva,I (2174) Sochi 2012}) 11. Qc2 Rfd8 {White has an edge.} 12. cxd5 Nxd5 13. Nc4 Qa6 14. a3 Bxf3 15. Bxf3 Bf6 16. e4 Bxb2 17. Qxb2 Ne7 18. d4 Nf8 (18... c5 $1 $11 {remains equal.}) 19. e5 (19. b4 $16) 19... Nf5 $14 20. Rfd1 $36 {[%mdl 2048] White is more active.} Ng6 (20... Rc7 $14) 21. Be4 Nge7 22. b4 h5 23. h3 g6 (23... Rd7 $16 {is a better defense.}) 24. Kg2 (24. g4 $18) 24... Nd5 $16 25. Bxf5 exf5 26. Nd6 Rc7 (26... Ra8 $142) 27. Rc5 {Threatens to win with Ra5.} b6 {[#]} 28. Rc2 $1 Qa4 (28... Rxd6 $142 29. exd6 Rd7 30. Rxc6 Qb7) 29. Rdc1 $18 Kf8 $2 (29... h4 30. b5 (30. gxh4 Nf4+ 31. Kh2 Nd3 $14) 30... hxg3) 30. Rc4 {Precision: White = 53%, Black = 26%.} 1-0

[Event "Guimaraes Open 2018"]
[Site "Guimaraes"]
[Date "2018.10.05"]
[Round "1"]
[White "Paasikangas-Tella, Johanna"]
[Black "Sousa, Mario Antonio Da Si"]
[Result "1-0"]
[WhiteElo "2220"]
[BlackElo "1382"]
[Annotator "TA"]
[PlyCount "38"]
[EventDate "2018.10.04"]
[EventType "swiss"]
[EventCountry "POR"]
[SourceTitle "playchess.com"]
[Source "ChessBase"]
[SourceQuality "1"]

{[%evp 12,38,35,8,33,10,35,65,75,53,127,73,154,135,166,179,165,149,435,293,654,640,29993,29994,29994,29994,29995,29996,29998]} 1. d4 Nf6 2. Bg5 g6 3. Nd2 Bg7 4. e4 O-O 5. Bd3 d6 6. Ngf3 Nc6 7. c3 {LiveBook: 23 Games} Re8 $146 {A48: 1 d4 Nf6 2 Nf3 g6: Torre, London and Colle Systems} ({Predecessor:} 7... Qe8 8. h3 e5 9. O-O h6 10. Be3 Nh5 11. Re1 a6 12. Bf1 Kh7 13. Rb1 Nf4 14. Bxf4 exf4 15. Qc2 Kh8 16. a4 g5 17. b4 {1-0 (47) Nguyen,N (2630)-Rakhmanov,A (2653) Riadh 2017}) 8. Qe2 Bg4 9. h3 Bxf3 {White is slightly better.} 10. Nxf3 a6 (10... h6 $14 11. Be3 e5) 11. h4 ({White should play} 11. e5) 11... h5 ({Black should try} 11... Qd7) 12. e5 $16 {[%cal Be4e5,Be5e6][%mdl 32]} Nh7 13. e6 {[#] And now exf7+ would win.} f5 14. O-O-O Nxg5 $4 {[%mdl 8192]} (14... Rf8 $16 15. Bf4 Nf6) 15. Nxg5 Bh6 $2 {[#]} (15... Rf8 16. Kb1 Qe8) 16. Bxf5 $1 $18 {[%mdl 512]} gxf5 17. Qxh5 {White mates.} Bg7 18. Qh7+ Kf8 19. h5 Nb8 {Precision: White = 63%, Black = 11%.} 1-0

[Event "Guimaraes Open 2018"]
[Site "Guimaraes"]
[Date "2018.10.05"]
[Round "1"]
[White "Costa, Paulo Jorge Lopes d"]
[Black "Teixeira, Jose Manuel"]
[Result "1-0"]
[WhiteElo "2191"]
[BlackElo "1374"]
[Annotator "TA"]
[PlyCount "73"]
[EventDate "2018.10.04"]
[EventType "swiss"]
[EventCountry "POR"]
[SourceTitle "playchess.com"]
[Source "ChessBase"]
[SourceQuality "1"]

{[%evp 9,73,36,31,34,37,31,34,40,60,59,65,56,97,85,68,34,105,44,112,102,138,139,164,129,272,238,243,200,484,489,491,470,472,404,460,475,466,455,480,472,585,586,572,565,677,670,725,690,715,712,708,683,29976,29977,29994,29984,29988,1131,29988,29976,29977,29977,29987,29988,29990,29990]} 1. d4 d5 2. Nf3 Nc6 3. Bf4 h6 (3... Bf5 4. e3 e6 5. Be2 Bd6 6. Bg3 Nf6 7. O-O O-O 8. c4 Re8 9. Nc3 dxc4 10. Bxc4 a6 11. Qe2 e5 12. dxe5 Nxe5 13. Nxe5 Bxe5 {1-0 (122) Giri,A (2782)-Mamedyarov,S (2801) chess.com INT 2018}) 4. e3 Bf5 5. c4 Nf6 6. Nc3 {D02: 1 d4 d5 2 Nf3 sidelines, including 2...Nf6 3 g3 and 2...Nf6 3 Bf4} e6 7. Qa4 Bb4 $146 ({Predecessor:} 7... Qd7 8. c5 g5 9. Bg3 g4 10. Ne5 Nxe5 11. Bxe5 Bg7 12. Bxc7 Qxa4 13. Nxa4 O-O 14. Be2 {1-0 (55) Baumann,D (2108)-Kokoszczynski,J (1988) Lazy 2015}) 8. Ne5 {White is slightly better.} O-O 9. Nxc6 Bxc3+ $1 10. bxc3 Qd7 {[#]} 11. c5 $1 bxc6 12. Ba6 Rab8 {[#]} (12... Nh5 $14) 13. O-O ({Better is} 13. Qa5 $1 $16) 13... Rb2 (13... Nh5 $14) 14. Qa5 $16 Ne8 15. f3 f6 16. Qa3 Rc2 (16... Rb8 $16) 17. Qb3 {Threatens to win with e4!} g5 18. Bg3 {Black must now prevent e4!} h5 $2 {[#]} (18... Rd2 {was called for.} 19. Be1 Rd3 20. Bxd3 Bxd3) 19. e4 $1 $18 {[%mdl 512]} Rxg2+ (19... dxe4 20. Qxc2) 20. Kxg2 dxe4 21. Be2 Kh7 22. fxe4 Bxe4+ 23. Bf3 Bd3 24. Bxh5 Ng7 25. Be2 Bxe2 26. Qc2+ Nf5 27. Qxe2 Qd5+ 28. Kg1 Kh6 29. Rae1 Re8 30. Qe4 Qxa2 31. Rxf5 Kg7 32. h4 {[%cal Bh2h4,Bh4g5][%mdl 32]} Qd2 33. Qe3 (33. hxg5 $142 e5 34. gxf6+ Kf7 35. Rh5 Kf8 36. Qg6 Qxd4+ 37. cxd4 exd4 38. Rxe8#) 33... Qc2 34. Rf2 {White mates.} Qg6 35. hxg5 f5 36. Bxc7 Rf8 37. Qxe6 {Precision: White = 73%, Black = 30%.} 1-0

[Event "Guimaraes Open 2018"]
[Site "Guimaraes"]
[Date "2018.10.05"]
[Round "1"]
[White "Rey Malde, Henrique"]
[Black "Dong, Rafael"]
[Result "1-0"]
[WhiteElo "2185"]
[BlackElo "1303"]
[Annotator "TA"]
[PlyCount "44"]
[EventDate "2018.10.04"]
[EventType "swiss"]
[EventCountry "POR"]
[SourceTitle "playchess.com"]
[Source "ChessBase"]
[SourceQuality "1"]

{[%evp 20,44,16,14,56,20,47,50,39,13,32,7,46,27,37,0,297,297,384,362,1499,1479,29996,29997,29998,29999,29999]} 1. e4 c5 2. Nf3 e6 3. d4 cxd4 4. Nxd4 a6 5. Nc3 Nc6 6. Nb3 Nf6 {B46: Sicilian: Taimanov: 5 Nc3 a6} 7. g3 {[%cal Bg2g3,Bg3g4,Bg4g5][%mdl 32]} Bb4 8. Bg2 Qc7 9. O-O O-O 10. Bd2 d6 (10... Be7 11. f4 b5 12. a3 Bb7 13. Be3 b4 14. axb4 Nxb4 15. Na5 d5 16. Nxb7 Qxb7 17. exd5 Nbxd5 18. Bd4 {½-½ (18) Asadli,V (2449)-Solak,D (2629) Batumi 2018}) 11. f4 {LiveBook: 4 Games} Rb8 12. g4 b5 $146 ({Predecessor:} 12... e5 13. g5 Qb6+ 14. Kh1 Ng4 {1-0 (35) Vega Lopez de Nava,C (1859)-Merten,R (1709) Frankfurt 2017}) 13. g5 Nd7 14. Qh5 (14. a3 $5 {[%cal Ra3b4]} Bxc3 15. Bxc3 $11) 14... Bb7 15. Rf3 {aiming for Rh3.} Rfe8 16. Rh3 Nf8 17. Rf1 Qe7 $2 {[%mdl 8192] [#]} (17... Na5 $11 {and Black stays safe.}) 18. f5 $1 $18 Ne5 {Black wants to play ...exf5.} 19. f6 gxf6 $2 (19... Qd7 20. a3 (20. fxg7 Kxg7 21. a3 Bxc3 $18) 20... Bxc3) 20. gxf6 Qc7 21. Qh6 {[%csl Gf6][%cal Rh6g7]} Bc5+ 22. Kh1 {[%csl Gf6][%cal Rh6g7]} Bc8 {Precision: White = 43%, Black =  4%.} 1-0

[Event "Guimaraes Open 2018"]
[Site "Guimaraes"]
[Date "2018.10.05"]
[Round "1"]
[White "Represa Perez, Mireya"]
[Black "Machado, Joaquim Carlos Da C"]
[Result "1-0"]
[WhiteElo "2151"]
[BlackElo "1352"]
[Annotator "TA"]
[PlyCount "27"]
[EventDate "2018.10.04"]
[EventType "swiss"]
[EventCountry "POR"]
[SourceTitle "playchess.com"]
[Source "ChessBase"]
[SourceQuality "1"]

{[%evp 9,27,36,74,56,71,71,70,22,31,33,103,37,130,117,237,249,229,192,611,573]} 1. e4 c5 2. Nf3 g6 3. d4 Bg7 4. c3 cxd4 5. cxd4 a6 {LiveBook: 3 Games} (5... d5 6. e5 Nc6 7. Bb5 Nh6 8. O-O O-O 9. h3 f6 10. exf6 exf6 11. Nc3 Nf7 12. Re1 Qd6 13. Be3 Bf5 14. Rc1 Rac8 {0-1 (46) Grischuk,A (2772)-Mamedov,R (2709) Huaian 2017}) 6. Bc4 {B27: Sicilian: 2 Nf3, unusual Black 2nd moves} d6 7. O-O Nf6 8. Nc3 {Threatens to win with e5.White is slightly better.} O-O 9. Bb3 Bd7 $146 (9... Nc6 $14) ({Predecessor:} 9... Nc6 10. h3 Na5 11. e5 Ne8 12. Bg5 Nxb3 13. Qxb3 {0-1 (81) Alvarez,F (2100)-Fernandez,F (2270) Santo Domingo 2015}) 10. Qe2 (10. e5 $16 dxe5 11. dxe5) 10... b5 (10... Nc6 $14) 11. e5 $36 {[%mdl 2048] White is really pushing.} dxe5 (11... Ne8 $16) 12. dxe5 $18 {[%cal Bd4e5,Be5e6,Be6f7][%mdl 32]} Ne8 13. e6 Bc6 $2 {[#]} (13... fxe6 14. Bxe6+ Kh8) 14. exf7+ 1-0